| 000 -LEADER |
| fixed length control field |
01264pab a2200193 454500 |
| 008 - FIXED-LENGTH DATA ELEMENTS--GENERAL INFORMATION |
| fixed length control field |
180718b2014 xxu||||| |||| 00| 0 eng d |
| 100 ## - MAIN ENTRY--PERSONAL NAME |
| Personal name |
Thomson, Stanley Bruce |
| 245 ## - TITLE STATEMENT |
| Title |
Hybrid governance in India: a research review and agenda |
| 260 ## - PUBLICATION, DISTRIBUTION, ETC. |
| Date of publication, distribution, etc. |
2014 |
| 300 ## - PHYSICAL DESCRIPTION |
| Extent |
p.313-321. |
| 362 ## - DATES OF PUBLICATION AND/OR SEQUENTIAL DESIGNATION |
| Dates of publication and/or sequential designation |
Dec |
| 520 ## - SUMMARY, ETC. |
| Summary, etc. |
India is the world's largest democracy and one of the fastest growing economies in the world, yet is it fraught with social inequalities, high levels of poverty, and an ineffective distribution of financial and natural resources. Governments in India at the federal, state and municipal levels have been struggling with these issues since Independence. Recently, in terms of the governance arrangements involved, they have moved towards forms of hybrid governance. A review of selected forms indicates mixed findings on the benefits they offer to the public. More detailed research needs to be undertaken at all levels of government to gain deeper insights into how forms of hybrid governance can assist in solving some of India's societal ills. - Reproduced. |
| 650 ## - SUBJECT ADDED ENTRY--TOPICAL TERM |
| Topical term or geographic name entry element |
Public administration |
| 700 ## - ADDED ENTRY--PERSONAL NAME |
| Personal name |
Kong, Eric |
| 700 ## - ADDED ENTRY--PERSONAL NAME |
| Personal name |
Sharma, Deepak |
| 773 ## - HOST ITEM ENTRY |
| Main entry heading |
Asia Pacific Journal of Public Administration |
| 908 ## - PUT COMMAND PARAMETER (RLIN) |
| Put command parameter |
N |
| 909 ## - |
| -- |
107028 |